000 00963cam a22002771 4500
001 sa 68004939
003 DLC
005 20260227112505.0
008 720425s1968 ii k 000 0 eng
010 _asa 68004939
025 _aPL480:I-E-9937
040 _aDLC
_cDLC
_dDLC
043 _aa-ii---
050 0 0 _aKNS961
_b.S27 1968
082 0 0 _a340
100 1 _aSastri, L. S.
_q(L. Subrahmanya)
245 1 0 _aL. S. Sastri's law and practice of co-operative societies in India, central & states,
_cby T. R. Srinivasan.
250 _a2d ed.
260 _aAllahabad,
_bLaw Book Co.,
_c1968.
300 _a2 v. (vi, 1535 p.)
_bforms.
_c25 cm.
350 _aRs30 each
500 _aFirst ed., 1951, entered under India (Republic). Laws, statutes, etc.
650 0 _aCooperative societies
_xLaw and legislation
_zIndia.
700 1 _aSrinivasan, T. R.
710 1 _aIndia (Republic).
_kLaws, statutes, etc.
_tLaw and practice of cooperative societies in India.
999 _c80438
_d80438